000 00434nam a2200181Ia 4500
001 18774
005 20260306171655.0
008 260306s9999||||xx |||||||||||||| ||und||
041 _aESP
082 _a658.5
_bF62
100 _aFlores Ballesteros, Emilio
_eAUT
245 0 _aAdministración de operaciones
260 _c2016
300 _a701 páginas :
_c25 cm.
650 _aGEN
654 _aCAN
942 _cLIB
_dJUS
_fJUS
_2ddc
_n
999 _c18774
_d18774